|
|
|
|
| LEADER |
00000nbm0a2200000 4500 |
| 001 |
378406 |
| 005 |
20231102013013.0 |
| 035 |
|
|
|a (RuTPU)RU\TPU\retro\35862
|
| 090 |
|
|
|a 378406
|
| 100 |
|
|
|a 20230530d2020 k y0rusy50 ca
|
| 101 |
0 |
|
|a rus
|
| 102 |
|
|
|a RU
|
| 105 |
|
|
|a a m 001zy
|
| 200 |
1 |
|
|a Деформация резьбового соединения и относительные перемещения витков
|e диссертация на соискание ученой степени доктора технических наук
|e спец. 01.02.04
|f Э. Б. Цхай
|g Национальный исследовательский Томский политехнический университет ; науч. конс. А. А. Максименко
|
| 210 |
|
|
|a Томск
|c [Б. и.]
|d 2020
|
| 215 |
|
|
|a 195 л.
|c ил.
|
| 320 |
|
|
|a Библиогр.: с. 160-177 (180 назв.)
|
| 512 |
1 |
|
|a Деформация резьбового соединения
|
| 606 |
1 |
|
|a Резьбовые соединения
|2 stltpush
|3 (RuTPU)RU\TPU\subj\72915
|9 86265
|
| 610 |
1 |
|
|a жесткость
|
| 610 |
1 |
|
|a витки
|
| 610 |
1 |
|
|a осевая нагрузка
|
| 610 |
1 |
|
|a распределение
|
| 610 |
1 |
|
|a гайки
|
| 610 |
1 |
|
|a геометрические параметры
|
| 610 |
1 |
|
|a демпфирующие свойства
|
| 610 |
1 |
|
|a исследование
|
| 610 |
1 |
|
|a демпфирование
|
| 610 |
1 |
|
|a диссертации
|
| 675 |
|
|
|a 621.882(04)
|v 4
|
| 686 |
|
|
|a 01.02.04
|2 oksvnk
|
| 700 |
|
1 |
|a Цхай
|b Э. Б.
|g Эдуард Борисович
|
| 702 |
|
1 |
|a Максименко
|b А. А.
|4 695
|
| 712 |
0 |
2 |
|a Национальный исследовательский Томский политехнический университет
|c (2009- )
|2 stltpush
|3 (RuTPU)RU\TPU\col\15902
|9 26305
|
| 801 |
|
1 |
|a RU
|b 63413507
|c 20230530
|
| 801 |
|
2 |
|a RU
|b 63413507
|c 20230619
|g RCR
|
| 942 |
|
|
|c BK
|